[Event "ROU-chT Men Superliga 2018"]
[Site "Sovata"]
[Date "2018.12.01"]
[Round "8"]
[White "Vasilescu, Lucian-Mihail"]
[Black "Balla, Tamas-Kristof"]
[Result "0-1"]
[WhiteElo "2197"]
[BlackElo "2316"]
[Annotator "TA"]
[PlyCount "134"]
[EventDate "2018.11.24"]
[EventType "team-tourn"]
[EventCountry "ROU"]
[SourceTitle "playchess.com"]
[Source "ChessBase"]
[SourceQuality "1"]

{[%evp 21,134,-15,-3,-22,-27,-26,0,-21,-18,-51,-34,-50,-39,-54,-57,-63,-59,-66,-50,-97,-65,-66,-61,-54,-58,-83,-70,-79,-69,-81,-22,-21,-31,-25,12,-16,11,-39,-37,-55,-44,-53,-40,-51,-63,-161,0,0,0,-8,-8,-12,-9,-48,0,-35,-35,-41,-56,-160,-135,-177,0,0,0,-94,-115,-99,0,-201,-209,-277,-279,-283,-273,-370,-210,-200,-204,-688,-680,-529,-659,-643,-632,-601,-604,-763,-737,-672,-656,-637,-574,-29956,-483,-483,-483,-483,-483,-467,-467,-899,-828,-1277,-1212,-2449,-1895,-29968,-29967,-5591,-5114,-29985,-29986,-29985,-29986]} 1. c4 c5 2. g3 Nc6 3. Bg2 g6 4. Nc3 Bg7 5. d3 e6 6. Nf3 Nge7 7. Bg5 {A37: Symmetrical English vs ...g6: 4 Bg2 Bg7 5 Nf3} (7. Bd2 b6 8. Qc1 h6 9. O-O Bb7 10. a3 d6 11. Rb1 Qd7 12. b4 Rd8 13. Nb5 Ba8 14. Rd1 g5 15. bxc5 bxc5 {½-½ (55) Bachmann,A (2642)-Bologan,V (2654) Philadelphia 2016}) 7... h6 8. Bd2 O-O 9. Qc1 Kh7 10. a3 d5 11. Rb1 a5 {LiveBook: 3 Games} 12. Qc2 b6 13. O-O d4 14. Na4 Bd7 15. Ra1 e5 16. Rfb1 Qc7 $146 ({Predecessor:} 16... f5 17. b4 e4 {0-1 (74) Kenney,J (2124)-Ekeberg,C (2303) Reykjavik 2014}) 17. Ne1 Ra6 18. Ra2 h5 19. b3 Bh6 20. h4 Bxd2 21. Qxd2 Nd8 22. Nf3 f6 23. Nb2 Nec6 24. Nd1 Nf7 25. e3 dxe3 (25... Raa8 $17) 26. Nxe3 $11 Be6 27. Ne1 Nh6 28. N1c2 Rd8 29. Nd5 Bxd5 $1 30. Bxd5 Ne7 31. Ne3 f5 32. Re1 Ra7 33. Qc1 ({White should try} 33. Nd1 $15) 33... Ng4 $2 (33... f4 $19 34. gxf4 exf4) 34. Nxg4 hxg4 35. Rae2 Nxd5 36. cxd5 Rxd5 {White should prevent ...Qd6.} 37. h5 Qe7 38. hxg6+ Kxg6 39. Qc3 {[%cal Re2e5]} Kf6 $36 {[%mdl 2048] And now ...Qe8 would win. Black has the initiative.} 40. Qd2 (40. Qc1 $15 Kg6 41. Qb2) 40... Qg7 $17 {aiming for ...Qh8.} 41. Kg2 Ke6 $2 ({Better is} 41... Ra8 $19 42. Rh1 Rh8 43. Rxh8 Qxh8) 42. Rh1 $11 Rf7 43. Ree1 (43. b4 $11 {remains equal.}) 43... Kd7 $17 44. Rh5 {b4 would now be nice for White.} Rd4 {[#]} (44... f4 $1 $17 {Threatens to win with ...Qg6.} 45. gxf4 Rxf4) 45. Qe3 $2 (45. b4 $1 $11 {[%mdl 512] and White stays safe.} axb4 46. axb4 Rxb4 47. Qa2) 45... Kc7 $19 46. Reh1 f4 47. gxf4 exf4 48. Qe8 f3+ (48... g3 $142 49. Qxf7+ Qxf7) 49. Kg3 {[#]} Qf6 $1 {[%cal Rf6f4] ( -> ...Qf4+)} ({But not} 49... Rxd3 $2 50. Rh8 $18) 50. Qxf7+ $2 (50. Qe5+ Qxe5+ 51. Rxe5) 50... Qxf7 51. Rh7 {[#]} Qxh7 $1 52. Rxh7+ {[%mdl 4096] Endgame KR-KR} Kc6 53. Rh6+ Kb7 54. Rg6 Rxd3 55. Rxg4 Rxb3 56. a4 Rb4 {White must now prevent ...Rxg4+.} 57. Kxf3 c4 (57... Rxg4 $142 58. Kxg4 {[#]} b5 $1 {[%mdl 512]} 59. f4 bxa4 60. f5 Kc6 61. Kh3 a3 62. Kg3 a2 63. Kh2 c4 64. Kg3 c3 65. f6 a1=Q 66. f7 Qf1 67. f8=Q Qxf8 68. Kh2 c2 69. Kg3 c1=Q 70. Kh4 Qff4+ 71. Kh5 Qg5#) 58. Ke3 Rxa4 59. f4 Ra3+ 60. Kd4 c3 61. Kd3 (61. Rg2 $142 Ra4+ 62. Kxc3 Rxf4 63. Kb2) 61... b5 {[%cal Bb6b5,Bb5b4,Bb4b3][%mdl 32]} 62. f5 b4 63. f6 Ra2 64. Rf4 Rd2+ 65. Ke3 Rd8 66. f7 c2 67. Rf1 b3 {Accuracy: White = 21%, Black = 60%.} 0-1

[Event "ROU-chT Men Superliga 2018"]
[Site "Sovata"]
[Date "2018.12.01"]
[Round "8"]
[White "Scripcaru, George-Daniel"]
[Black "Ognean, Mihnea-Ionut"]
[Result "1/2-1/2"]
[WhiteElo "2176"]
[BlackElo "2291"]
[Annotator "NA"]
[PlyCount "54"]
[EventDate "2018.11.24"]
[EventType "team-tourn"]
[EventCountry "ROU"]
[SourceTitle "playchess.com"]
[Source "ChessBase"]
[SourceQuality "1"]
[TimeControl "40/5400+30:1800+30"]

1. Nf3 {[%emt 0:00:02]} c5 {[%emt 0:00:00]} 2. g3 {[%emt 0:00:42]} Nc6 {[%emt 0:00:00]} 3. Bg2 {[%emt 0:00:06]} g6 {[%emt 0:00:04]} 4. O-O {[%emt 0:00:25]} Bg7 {[%emt 0:00:03]} 5. d3 {[%emt 0:00:38]} e6 {[%emt 0:00:26]} 6. e4 {[%emt 0:01:26]} Nge7 {[%emt 0:00:14]} 7. Nbd2 {[%emt 0:01:39]} O-O {[%emt 0:00:25]} 8. Re1 {[%emt 0:00:36]} d5 {[%emt 0:04:01]} 9. Qe2 {[%emt 0:06:48]} b6 {[%emt 0:06:07]} 10. e5 {[%emt 0:01:54]} f6 {[%emt 0:01:58]} 11. exf6 {[%emt 0:02:28]} Bxf6 {[%emt 0:01:39]} 12. Nf1 {[%emt 0:02:16]} Nf5 {[%emt 0:03:24]} 13. c3 {[%emt 0:00:53]} Qe7 {[%emt 0:22:44]} 14. Ne3 {[%emt 0:01:25]} Nxe3 {[%emt 0:10:31]} 15. Bxe3 {[%emt 0:00:09]} Bd7 {[%emt 0:00:18]} 16. Bh6 {[%emt 0:10:39]} Rf7 {[%emt 0:03:07]} 17. h4 {[%emt 0:00:33]} Qd6 {[%emt 0:02:40]} 18. Bf4 {[%emt 0:02:39]} Qf8 {[%emt 0:02:38]} 19. Ng5 {[%emt 0:04:51]} Bxg5 {[%emt 0:00:29]} 20. Bxg5 {[%emt 0:00:24]} Re8 {[%emt 0:00:09]} 21. Qd2 {[%emt 0:05:21]} Qd6 {[%emt 0:01:09]} 22. Rf1 {[%emt 0:02:44]} Ne7 {[%emt 0:03:12]} 23. Rae1 {[%emt 0:01:51]} Nf5 {[%emt 0:01:13]} 24. g4 {[%emt 0:03:53]} Ng7 {[%emt 0:05:08]} 25. f4 {[%emt 0:06:29]} d4 {[%emt 0:04:01]} 26. c4 {[%emt 0:01:19]} Bc6 {[%emt 0:00:06]} 27. Bh6 {[%emt 0:00:35]} Bxg2 {[%emt 0:06:23]} 1/2-1/2

[Event "ROU-chT Men Superliga 2018"]
[Site "Sovata"]
[Date "2018.12.01"]
[Round "8"]
[White "Ciorica, Mihai-Vlad"]
[Black "Baratosi, Daniel"]
[Result "1/2-1/2"]
[WhiteElo "2097"]
[BlackElo "2373"]
[Annotator "NA"]
[PlyCount "41"]
[EventDate "2018.11.24"]
[EventType "team-tourn"]
[EventCountry "ROU"]
[SourceTitle "playchess.com"]
[Source "ChessBase"]
[SourceQuality "1"]
[TimeControl "40/5400+30:1800+30"]

1. Nf3 {[%emt 0:00:00]} g6 {[%emt 0:00:00]} 2. g3 {[%emt 0:00:00]} Bg7 {[%emt 0:00:00]} 3. Bg2 {[%emt 0:00:04]} d6 {[%emt 0:01:48]} 4. d4 {[%emt 0:01:02]} f5 {[%emt 0:00:50]} 5. c3 {[%emt 0:10:01]} Nf6 {[%emt 0:01:36]} 6. Qb3 {[%emt 0:02:21]} e6 {[%emt 0:01:29]} 7. Bg5 {[%emt 0:02:54]} h6 {[%emt 0:02:09]} 8. Bxf6 {[%emt 0:00:58]} Qxf6 {[%emt 0:01:16]} 9. Nbd2 {[%emt 0:10:33]} Nc6 {[%emt 0:02:31]} 10. d5 {[%emt 0:11:01]} exd5 {[%emt 0:03:35]} 11. Qxd5 {[%emt 0:00:27]} Qf7 {[%emt 0:01:37]} 12. Qxf7+ {[%emt 0:01:56]} Kxf7 {[%emt 0:00:04]} 13. e3 {[%emt 0:00:30]} Rb8 {[%emt 0:01:36]} 14. O-O {[%emt 0:04:27]} Re8 {[%emt 0:02:38]} 15. Nd4 {[%emt 0:09:36]} Ne5 {[%emt 0:03:26]} 16. Nc4 {[%emt 0:06:01]} Kf8 {[%emt 0:07:35]} 17. Nxe5 {[%emt 0:01:03]} dxe5 {[%emt 0:04:45]} 18. Nb5 {[%emt 0:00:09]} c6 {[%emt 0:00:24]} 19. Nd6 {[%emt 0:00:20]} Rd8 {[%emt 0:00:05]} 20. Nxc8 {[%emt 0:00:05]} Rbxc8 {[%emt 0:00:03]} 21. Rfd1 {[%emt 0:01:07]} 1/2-1/2

[Event "ROU-chT Men Superliga 2018"]
[Site "Sovata"]
[Date "2018.12.01"]
[Round "8"]
[White "Andronescu, Madalin"]
[Black "Vasiesiu, Dan"]
[Result "0-1"]
[WhiteElo "2070"]
[BlackElo "2394"]
[Annotator "NA"]
[PlyCount "90"]
[EventDate "2018.11.24"]
[EventType "team-tourn"]
[EventCountry "ROU"]
[SourceTitle "playchess.com"]
[Source "ChessBase"]
[SourceQuality "1"]
[TimeControl "40/5400+30:1800+30"]

1. e4 {[%emt 0:00:00]} g6 {[%emt 0:00:00]} 2. d4 {[%emt 0:00:00]} Bg7 {[%emt 0:00:05]} 3. c4 {[%emt 0:00:23]} d6 {[%emt 0:00:39]} 4. Nc3 {[%emt 0:00:35]} Nf6 {[%emt 0:00:45]} 5. Be2 {[%emt 0:00:52]} O-O {[%emt 0:00:28]} 6. Nf3 {[%emt 0:00:40]} e5 {[%emt 0:01:12]} 7. O-O {[%emt 0:05:20]} Nc6 {[%emt 0:01:40]} 8. d5 {[%emt 0:00:04]} Ne7 {[%emt 0:00:09]} 9. b4 {[%emt 0:01:03]} Ne8 {[%emt 0:01:44]} 10. Ne1 {[%emt 0:01:58]} f5 {[%emt 0:00:43]} 11. Nd3 {[%emt 0:00:18]} Nf6 {[%emt 0:02:26]} 12. f3 {[%emt 0:01:14]} f4 {[%emt 0:00:32]} 13. c5 {[%emt 0:03:11]} g5 {[%emt 0:00:14]} 14. Bd2 {[%emt 0:07:31]} h5 {[%emt 0:01:56]} 15. Nf2 {[%emt 0:00:05]} Ng6 {[%emt 0:00:34]} 16. Rc1 {[%emt 0:00:28]} Rf7 {[%emt 0:01:10]} 17. h3 {[%emt 0:03:08] E99: King's Indian: Classical Main Line: 9 Ne1 Nd7 10 f3 f5} (17. cxd6 cxd6 18. a4 Bf8 19. h3 Rg7 20. Nb5 a6 21. Na3 Bd7 22. a5 b5 23. Rc3 Rc8 24. Rxc8 Bxc8 25. Qc2 g4 26. fxg4 hxg4 27. Rc1 g3 28. Qxc8 gxf2+ 29. Kxf2 Nxe4+ {0-1 (43) Arutinian,D (2562)-Baryshpolets,A (2474) Pardubice 2011}) 17... Bf8 {[%emt 0:01:09]} 18. Nb5 {[%emt 0:03:12]} a6 {[%emt 0:04:32]} 19. Na3 {[%emt 0:00:04]} Rg7 {[%emt 0:00:39]} 20. Be1 $146 {[%emt 0:07:50]} ({Predecessor:} 20. Rc3 a5 21. bxa5 dxc5 22. Nc4 Bd6 23. Rb3 Nh8 24. Bc3 Nf7 {0-1 (43) Yakimenko,A (2194)-Pavlidis,A (2352) Bansko 2010}) 20... Nh8 {[%emt 0:04:19]} 21. b5 {[%emt 0:11:51]} axb5 {[%emt 0:07:09]} 22. Nxb5 {[%emt 0:00:06]} dxc5 {[%emt 0:00:59]} 23. Nd3 {[%emt 0:01:16]} Nd7 {[%emt 0:05:05]} 24. Bf2 {[%emt 0:09:08]} b6 {[%emt 0:01:02]} 25. d6 {[%emt 0:00:04]} cxd6 {[%emt 0:14:04]} 26. Qb3+ {[%emt 0:01:21]} Nf7 {[%emt 0:01:26]} 27. Rfd1 {[%emt 0:00:23]} Kh7 {[%emt 0:04:26]} 28. Nb2 {[%emt 0:05:21]} Nf6 {[%emt 0:02:28]} 29. Bc4 {[%emt 0:01:02]} Nh6 {[%emt 0:01:16]} 30. Bd5 {[%emt 0:03:50]} Nxd5 {[%emt 0:04:03]} 31. Qxd5 {[%emt 0:00:18]} Bb7 {[%emt 0:00:48]} 32. Qb3 {[%emt 0:02:12]} g4 {[%emt 0:01:55]} 33. hxg4 {[%emt 0:07:51]} hxg4 {[%emt 0:00:30]} 34. Kf1 {[%emt 0:00:19]} g3 {[%emt 0:07:43]} 35. Bg1 {[%emt 0:00:12]} Bc6 {[%emt 0:02:49]} 36. Nc4 {[%emt 0:02:27]} Nf7 {[%emt 0:02:55]} 37. Rd2 {[%emt 0:01:59]} Qd7 {[%emt 0:11:39]} 38. Nc3 $19 {[%emt 0:01:38]} (38. Nxb6 $17 Bxb5+ 39. Ke1) 38... Rb8 {[%emt 0:00:32]} 39. Nxb6 {[%emt 0:03:40]} Qa7 {[%emt 0:01:43]} 40. Rb1 {[%emt 0:00:00]} Ng5 {[%emt 0:00:00]} 41. Rdb2 {[%emt 0:02:57]} Rgb7 {[%emt 0:03:27]} 42. Nca4 {[%emt 0:00:09]} Be7 {[%emt 0:03:38]} 43. Qd1 {[%emt 0:05:15]} Kg7 {[%emt 0:05:02]} 44. Ke1 {[%emt 0:01:09]} Nf7 {[%emt 0:00:45]} 45. Rb3 {[%emt 0:08:01]} Bd8 {[%emt 0:02:31]} 0-1

[Event "ROU-chT Men Superliga 2018"]
[Site "Sovata"]
[Date "2018.12.01"]
[Round "8"]
[White "Casangiu, Paul-Horatiu"]
[Black "Mateuta, Gabriel"]
[Result "0-1"]
[WhiteElo "2027"]
[BlackElo "2507"]
[Annotator "TA"]
[PlyCount "116"]
[EventDate "2018.11.24"]
[EventType "team-tourn"]
[EventCountry "ROU"]
[SourceTitle "playchess.com"]
[Source "ChessBase"]
[SourceQuality "1"]

{[%evp 13,116,-9,14,4,4,8,8,-47,-61,-48,-66,-62,-51,-122,-121,-125,-74,-100,-45,-124,-58,-174,-147,-141,-138,-163,-160,-537,-235,-219,-216,-221,-201,-203,-137,-165,-131,-141,-85,-89,-89,-155,-85,-84,-20,-16,-23,-11,-11,-149,-146,-127,-159,-207,-131,-147,-62,-69,-22,-22,-26,-75,-76,-306,-306,-306,-306,-708,-708,-459,-696,-708,-297,-708,-708,-704,-697,-682,-682,-604,-431,-708,-708,-708,-683,-664,-637,-626,-626,-5788,-5724,-5129,-4422,-4670,-3885,-2772,-2432,-1582,-1175,-5583,-698,-5575,-5132,-4618,-4618]} 1. c4 e6 2. d4 c5 3. Nf3 cxd4 4. Nxd4 Nf6 5. Nc3 Bb4 6. Bd2 Nc6 7. Nc2 Be7 {LiveBook: 19 Games. A32: Symmetrical English: 2 Nf3 Nf6 3 d4 cxd4 4 Nxd4 e6} (7... Bxc3 8. Bxc3 Ne4 9. Qd3 Nxc3 10. Qxc3 Qf6 11. Qxf6 gxf6 12. g3 b6 13. Bg2 Bb7 14. O-O-O Ke7 15. b3 {0-1 (46) Ju,W (2548)-Adhiban,B (2653) Wijk aan Zee 2016}) 8. g3 d5 9. cxd5 exd5 {The position is equal.} 10. Bg2 (10. Be3 $11) 10... d4 $15 11. Ne4 $146 ({Predecessor:} 11. Nb5 Qb6 12. a4 a6 13. Nba3 Be6 14. O-O O-O 15. a5 {0-1 (45) Vasquez,J-Rubinetti,J Sao Paulo 1972}) 11... Nxe4 12. Bxe4 Bh3 13. f3 (13. e3 $15) 13... O-O $1 $17 14. Bf4 Qb6 (14... g5 $142 15. Bc1 Rc8) 15. Qd3 h6 ({Better is} 15... Rad8 $17) 16. g4 (16. Qb3 $15) 16... Rac8 (16... Qxb2 17. Kf2 $14) (16... Nd8 $17 {White must now prevent ...Ne6.} 17. O-O-O (17. Qxd4 Bc5 $17) 17... Ne6) 17. Kf2 ({White should play} 17. Bh7+ $15 Kh8 18. Bf5) 17... Bh4+ ({Don't blunder} 17... Qxb2 $2 18. Kg3 $18) 18. Bg3 Ne5 $1 {[%cal Re5d3]} 19. Qxd4 Qf6 20. Kg1 $2 {[#]} (20. Rhd1 $17 {is more resistant.} Rc4 21. Qd5 Nxg4+ 22. Kg1 Bxg3 23. hxg3 Qb6+ 24. Nd4) 20... Bxg3 (20... Rxc2 $142 $1 {[%mdl 512]} 21. Qf2 (21. Bxe5 $2 Rxe2 22. Bxf6 Rg2+ 23. Kf1 Rxb2+ 24. Kg1 Rg2+ 25. Kf1 gxf6 $19) (21. Bxc2 Nxf3+) 21... Nxf3+ $1 {[%mdl 512]} 22. Qxf3 Rxb2) 21. hxg3 $19 {[#] Strongly threatening f4.} Rxc2 $1 {[%mdl 512]} 22. Qf2 (22. Bxc2 Nxf3+) 22... Rxb2 {And now ...Rb4 would win.} 23. Rxh3 Rd8 24. Rh5 g5 25. Re1 Rdd2 (25... Rxa2 $142 26. Qe3 b5) 26. Bf5 $17 ({Avoid the trap} 26. Qxa7 $2 Rxe2 27. Rf1 Nxg4 $1 $19 {[%mdl 512]}) 26... Qa6 27. Rh2 (27. Kf1 $142) 27... Rxa2 (27... Qc6 $142 $1 {Threatens to win with ...Nxf3+!} 28. Be4 Qd6) 28. f4 Nd3 (28... gxf4 $17 29. gxf4 Nd3 $1 {[%mdl 512]} 30. Bxd3 Rxd3 {[%mdl 64] Pin}) 29. Bxd3 $11 Rxd3 {[%mdl 64] Pin} 30. fxg5 Qd6 31. gxh6 (31. Kf1 $11 {keeps the balance.}) 31... Rxg3+ $17 32. Rg2 Rxg2+ 33. Qxg2 {[%mdl 4096] Endgame KQR-KQR} Ra3 $36 {[%mdl 2048] Hoping for ...Rg3. Black is on the roll.} 34. e3 {[#]} Qxh6 (34... Rb3 $1 $17 35. Qh2 Rb6 36. h7+ Kh8) 35. Qxb7 $15 Qh4 (35... Qd6 $5 {[%cal Rd6g3]} 36. Qa8+ Kg7 $17) 36. Qb8+ Kh7 37. Qb1+ Kh6 {[#]} 38. Re2 $2 (38. g5+ $1 $17 {[%mdl 512]} Qxg5+ {[%mdl 64] Double Attack} 39. Kf2 Qf6+ 40. Ke2) 38... Qg3+ $19 {[%mdl 64] Double Attack} ({Inferior is} 38... Qxg4+ 39. Rg2 $11) 39. Rg2 Qxe3+ 40. Kh1 $2 (40. Rf2) 40... Kg7 41. Qb2+ Rc3 42. g5 Qc1+ (42... a5 $142 43. Qd2 Rc1+ 44. Kh2 Qe5+ 45. Rg3 Rc4) 43. Kh2 $2 (43. Qxc1 Rxc1+ 44. Kh2) 43... Qxb2 {Black is clearly winning.} 44. Rxb2 {KR-KR} Rc5 45. Kg3 Rxg5+ 46. Kf4 Rc5 47. Rb7 (47. Rd2 $142 a5 48. Rd4) 47... a5 48. Ra7 Kg6 49. Ra8 Rb5 50. Ra7 Rb4+ 51. Ke5 f6+ 52. Ke6 Rb5 53. Ra8 Re5+ 54. Kd6 Kf5 55. Rh8 a4 56. Rh4 Re4 (56... Re6+ $142 57. Kc5 Ra6) 57. Rh5+ Kg4 58. Ra5 f5 {Accuracy: White = 32%, Black = 55%.} 0-1

[Event "ROU-chT Men Superliga 2018"]
[Site "Sovata"]
[Date "2018.12.02"]
[Round "9"]
[White "Kuzubov, Yuriy"]
[Black "Vavric, Pavel"]
[Result "1-0"]
[WhiteElo "2660"]
[BlackElo "2351"]
[Annotator "TA"]
[PlyCount "77"]
[EventDate "2018.11.24"]
[EventType "team-tourn"]
[EventCountry "ROU"]
[SourceTitle "playchess.com"]
[Source "ChessBase"]
[SourceQuality "1"]

{[%evp 17,77,14,22,6,16,0,0,3,71,79,76,77,101,90,104,104,98,89,83,83,159,154,150,143,135,105,111,120,131,101,285,259,266,253,329,349,306,214,176,224,223,214,210,213,204,208,206,166,242,237,1054,1054,981,997,949,949,949,932,943,902,29996,29997]} 1. d4 Nf6 2. c4 e6 3. Nf3 Bb4+ 4. Nbd2 O-O 5. a3 Be7 6. e4 d5 7. e5 Nfd7 8. Bd3 {E11: Bogo-Indian} c5 9. h4 {[%cal Bh2h4,Bh4h5][%mdl 32]} g6 {LiveBook: 64 Games} 10. O-O {The position is equal.} Nc6 11. Nb3 cxd4 {Strongly threatening ...dxc4.} (11... dxc4 12. Bxc4 cxd4 13. Re1 a5 14. Bh6 Re8 15. Rc1 Nb6 {1-0 (39) Ding,L (2804)-Saric,I (2689) Batumi 2018}) 12. Re1 Re8 $146 (12... Bxh4 $11 {keeps the balance.} 13. Bh6 Re8) ({Predecessor:} 12... dxc4 13. Bxc4 Qc7 14. Bh6 Rd8 15. Qe2 d3 {0-1 (34) Gajewski,G (2610)-Warakomski,T (2486) Poland 2016}) 13. h5 $16 dxc4 14. Bxc4 Qc7 {[%cal Rc6e5] [#]} 15. Bf4 $1 {[%mdl 1024] White has strong compensation.} Nb6 16. Bd3 Nd5 17. Bg3 Bd7 18. Nbd2 {[%cal Bb3d2,Bd2e4,Be4d6][%mdl 32]} Bf8 ({Better is} 18... Rec8) 19. Ne4 Bg7 20. Rc1 Qb6 21. Qe2 Nce7 22. Nd6 Rf8 23. Qd2 Nf5 $2 (23... gxh5 $16 {was called for.} 24. Nxd4 Ng6) 24. Bxf5 $18 exf5 25. Nxd4 Rad8 26. h6 Bh8 27. Bh4 {Black must now prevent N4xf5.} Bxe5 28. Rxe5 ({Don't take} 28. Bxd8 Qxd6 29. Bg5 Nb6 $16) 28... Qxd6 {[#]} 29. Nf3 $1 Bc6 30. Bxd8 Rxd8 31. Rce1 Qf8 32. Qc1 Nf6 {[#]} (32... Rd6 $142 33. Nd4 Bd7) 33. Rxf5 $1 {[%mdl 512]} gxf5 $2 (33... Ng4) 34. Qg5+ Kh8 35. Qxf6+ Kg8 36. Ne5 {Intending Qg5+ and mate.} Rd6 37. Qg5+ Kh8 38. Nxc6 {Threatening mate with Re8!} Rxc6 {[#]} 39. Re8 $1 {[%mdl 512] Precision: White = 84%, Black = 38%.} 1-0

[Event "ROU-chT Men Superliga 2018"]
[Site "Sovata"]
[Date "2018.12.02"]
[Round "9"]
[White "Erdos, Viktor"]
[Black "Parligras, Mircea-Emilian"]
[Result "1/2-1/2"]
[WhiteElo "2604"]
[BlackElo "2645"]
[Annotator "TA"]
[PlyCount "48"]
[EventDate "2018.11.24"]
[EventType "team-tourn"]
[EventCountry "ROU"]
[SourceTitle "playchess.com"]
[Source "ChessBase"]
[SourceQuality "1"]

{[%evp 27,48,10,6,11,8,4,15,4,4,4,4,4,5,3,4,4,6,4,5,0,0,0,0]} 1. d4 Nf6 2. c4 e6 3. Nf3 d5 4. Nc3 c5 5. cxd5 Nxd5 6. g3 Nc6 7. Bg2 cxd4 8. Nxd4 Nxc3 9. bxc3 Nxd4 10. Qxd4 Qxd4 11. cxd4 Bd6 12. a4 {D41: Queen's Gambit Declined: Semi-Tarrasch with 5 cxd5} Rb8 13. Ba3 Ke7 14. Bxd6+ Kxd6 {LiveBook: 3 Games. The position is equal.} 15. Kd2 Bd7 16. Rhc1 Rhc8 17. a5 Rxc1 18. Rxc1 $11 {[%mdl 4096] Endgame KRB-KRB} b6 19. axb6 Rxb6 20. Ra1 {[#]} a6 $146 ({Predecessor:} 20... Rb2+ 21. Kd1 Rb4 22. Ra6+ Ke7 23. Rxa7 Rxd4+ 24. Ke1 Ra4 25. Rxa4 Bxa4 {½-½ (25) Wojtaszek,R (2745)-Karjakin,S (2783) Shamkir 2017}) 21. Be4 e5 22. Bd3 exd4 23. Rxa6 Rxa6 24. Bxa6 Ke5 1/2-1/2

[Event "ROU-chT Men Superliga 2018"]
[Site "Sovata"]
[Date "2018.12.02"]
[Round "9"]
[White "Deac, Bogdan-Daniel"]
[Black "Georgescu, Tiberiu-Marian"]
[Result "1-0"]
[WhiteElo "2598"]
[BlackElo "2505"]
[Annotator "TA"]
[PlyCount "86"]
[EventDate "2018.11.24"]
[EventType "team-tourn"]
[EventCountry "ROU"]
[SourceTitle "playchess.com"]
[Source "ChessBase"]
[SourceQuality "1"]

{[%evp 22,86,33,15,43,32,68,72,73,50,29,33,56,0,0,0,0,0,0,0,0,0,0,0,0,0,0,0,0,0,0,0,0,0,29,20,23,14,25,27,28,29,37,0,0,0,0,0,0,0,0,-35,270,270,595,536,523,520,632,617,621,619,832,843,781,783,661]} 1. e4 e5 2. Nf3 Nc6 3. Bb5 a6 4. Ba4 Nf6 5. O-O Be7 6. Re1 b5 7. Bb3 d6 8. c3 {[%cal Bc2c3,Bc3c4][%mdl 32]} O-O 9. h3 Nb8 10. d4 Nbd7 11. c4 c6 12. Qc2 {LiveBook: 30 Games. C95: Closed Ruy Lopez: Breyer Variation with 10 d4} (12. Be3 Bb7 13. Nbd2 c5 14. d5 Nb6 15. Qc2 Bc8 16. a4 bxa4 17. Bxa4 Nxa4 18. Rxa4 Bd7 19. Ra3 Ne8 {1-0 (55) Adhiban,B (2661)-Amin,B (2700) Sharjah 2018}) 12... exd4 13. Nxd4 $146 ({Predecessor:} 13. cxb5 c5 14. Na3 axb5 15. Nxb5 Ne5 16. Nd2 Ba6 17. Ba4 Qa5 18. b4 cxb4 19. Nxd4 Bd3 20. Qb2 Qxa4 21. Nf5 Rfe8 22. Nb3 Bxe4 23. Rxe4 Nxe4 24. f4 Bf6 25. fxe5 Bxe5 26. Nfd4 Nc5 {0-1 (26) Drori,D (2104)-Ben Artzi,I (2408) Jerusalem 2015}) 13... Ne5 14. cxb5 {White is slightly better.} cxb5 15. f4 Nc4 16. Bxc4 bxc4 17. Qxc4 ({Better is} 17. Be3 $14) 17... d5 $11 18. exd5 Nxd5 19. Nc6 Qb6+ 20. Kh2 ({Reject} 20. Be3 Nxe3 21. Nxe7+ Kh8 $17) 20... Bh4 21. Qxd5 Bxe1 22. Ne7+ Kh8 23. Qxa8 Qc5 24. Nd2 ({Wrong is} 24. Nxc8 $2 Qxc1 25. Na3 Qxa1 $19) 24... Qxe7 25. Qe4 Re8 26. Qxe7 Rxe7 27. Nf3 Re2 {[#]} 28. Be3 $1 {[%mdl 512]} Ba5 {White must now prevent ...Bb7.} (28... Rxe3 29. Rxe1) 29. Bd4 Bb7 {Strongly threatening ...Bxf3.} 30. Kg3 h6 31. Rc1 Kg8 32. a3 g5 33. b4 Bd8 34. Be5 Bb6 35. Rd1 h5 {[#] Hoping for ...h4+.} 36. Nxg5 {And now Kh4 would win.} Rxg2+ $2 {[%mdl 8192]} (36... f6 $15 {stays ahead.} 37. Bxf6 Bf2+ 38. Kh2 Bd4) 37. Kh4 $18 a5 $2 (37... Bc6 38. Rd6 Rc2 39. Kxh5 Bc7) 38. bxa5 {White is clearly winning.} Bxa5 39. Rb1 Bc8 40. Rb8 Rc2 41. Ne4 Kh7 42. Kxh5 Bd8 43. Nd6 f6 {Precision: White = 71%, Black = 51%.} 1-0

[Event "ROU-chT Men Superliga 2018"]
[Site "Sovata"]
[Date "2018.12.02"]
[Round "9"]
[White "Iordachescu, Viorel"]
[Black "Szabo, Attila"]
[Result "1-0"]
[WhiteElo "2597"]
[BlackElo "2263"]
[Annotator "TA"]
[PlyCount "61"]
[EventDate "2018.11.24"]
[EventType "team-tourn"]
[EventCountry "ROU"]
[SourceTitle "playchess.com"]
[Source "ChessBase"]
[SourceQuality "1"]

{[%evp 28,61,74,66,85,80,75,85,85,79,101,102,105,104,95,105,113,99,218,218,224,210,205,184,216,189,321,256,402,389,380,338,1007,1067,1027,-246]} 1. e4 e5 2. Nf3 Nc6 3. Bb5 a6 4. Ba4 d6 5. c3 Bd7 6. d4 Nf6 7. O-O Be7 8. Re1 O-O 9. h3 Re8 10. Nbd2 Bf8 11. Bc2 g6 12. Nf1 Bg7 13. Ng3 b5 14. Bg5 {C87: Closed Ruy Lopez: Steinitz-type lines after 6 Re1 d6} h6 15. Be3 {LiveBook: 8 Games} Kh7 16. Qd2 {White is better.} Na5 17. b3 c6 18. Rad1 Nb7 $146 ({Predecessor:} 18... Qc7 19. Bb1 Nb7 20. Nh2 c5 21. f4 Bc6 22. fxe5 cxd4 23. exf6 dxe3 24. Qd4 Bf8 25. Qxe3 Nc5 26. Qf4 Ne6 27. Qh4 {0-1 (27) Gdanski,J (2485)-Djuric,S (2485) Aegina 1993}) 19. Nh2 c5 20. f4 cxd4 21. cxd4 exf4 22. Bxf4 d5 (22... Qb6 $16) 23. e5 $18 Ng8 24. Bb1 Qb6 25. Nh5 b4 26. Rf1 a5 (26... Nd8 {is a better defense.} 27. Be3 Rc8) 27. Be3 Re7 (27... Nd8 $142 28. Ng4 Bxg4) 28. Rf4 Rc8 29. Rh4 Bf8 $2 {[#]} (29... Rc3 30. Nf1 f5 31. Nxg7 Rxg7 32. Bxh6 Nxh6 33. Qxh6+ Kg8) 30. Nf6+ $1 {[%mdl 512]} Nxf6 31. Nf3 $4 {[%mdl 40960] Accuracy: White = 70%, Black = 36%. . Loss on time!?} (31. Bxh6 $18 {was the only winning move.} Kg8 32. Bxf8 (32. exf6 Qxf6 33. Bg5 Qd6 $16) 32... Rxf8 33. Qh6) 1-0